Statistics for US States from West to East

Click here to take the quiz!

General Stats

  • This quiz has been taken 654 times
  • The average score is 38 of 50

Answer Stats

Degrees WestState% Correct
179 59'Alaska
100%
154 48'Hawaii
98%
124 26'California
97%
124 38'Oregon
97%
124 46'Washington
97%
120 00'Nevada
95%
117 15'Idaho
94%
114 49'Arizona
92%
116 03'Montana
92%
114 03'Utah
91%
109 03'Colorado
90%
109 03'New Mexico
90%
106 39'Texas
90%
104 03'Nebraska
89%
104 03'North Dakota
89%
104 03'South Dakota
89%
111 03'Wyoming
89%
103 00'Oklahoma
87%
102 03'Kansas
86%
97 14'Minnesota
85%
96 38'Iowa
84%
94 37'Arkansas
82%
95 46'Missouri
82%
94 03'Louisiana
81%
92 53'Wisconsin
79%
91 31'Illinois
76%
91 39'Mississippi
76%
90 19'Tennessee
74%
89 34'Kentucky
73%
90 25'Michigan
73%
71 05'Maine
72%
88 28'Alabama
71%
88 06'Indiana
68%
85 36'Georgia
66%
87 38'Florida
65%
84 49'Ohio
65%
84 19'North Carolina
63%
79 46'New York
62%
71 53'Rhode Island
61%
72 33'New Hampshire
60%
80 31'Pennsylvania
60%
83 21'South Carolina
59%
83 41'Virginia
59%
82 39'West Virginia
59%
79 29'Maryland
58%
73 26'Vermont
58%
75 47'Delaware
56%
73 30'Massachusetts
56%
75 34'New Jersey
56%
73 44'Connecticut
55%

Score Distribution

Percentile by Number Answered

Percent of People with Each Score

Your Score History

You have not taken this quiz